Reálne čísla /

Saved in:
Bibliographic Details
Main Author: Šalát, Tibor (Author)
Format: Book
Published: Bratislava : Alfa, 1982
Tags: Add Tag
No Tags, Be the first to tag this record!

MARC

LEADER 00000nam a22000003a 4500
001 stu28157
005 20150617225741.0
008 ------s1982----cs----------------------d
040 |a STU  |b slo 
041 0
044 |a cs 
080 |a 517.13  |7 stu_us_auth*stu6153 
100 1 |a Šalát, Tibor  |4 aut 
245 1 |a Reálne čísla /  |c [aut]Šalát,Tibor 
260 |a Bratislava :  |b Alfa,  |c 1982 
300 |a 317 s 
996 |c V*38767/O-16297  |l VV16  |s P  |a 0  |w stu28157_0001